000
00374nam a2200145Ia 4500
008
090122s9999 xx 000 0 und d
082
_b
9653
100
_a
वाळिंबे
_b
श
245
_a
कपटजाल
600
_a
वाळिंबे
630
_a
कपटजाल
700
_a
वाळिंबे
730
_a
कपटजाल
942
_c
BOOK
999
_c
33730
_d
33730